Mosby's nursing drug reference. (Record no. 2897)
[ view plain ]
| 000 -LEADER | |
|---|---|
| fixed length control field | 01097cas a2200313 a 4500 |
| 003 - CONTROL NUMBER IDENTIFIER | |
| control field | ALUPE UNIVERSITY |
| 005 - DATE AND TIME OF LATEST TRANSACTION | |
| control field | 20210726064322.0 |
| 008 - FIXED-LENGTH DATA ELEMENTS--GENERAL INFORMATION | |
| fixed length control field | 920610c19889999mouar p 0 a0eng |
| 020 ## - INTERNATIONAL STANDARD BOOK NUMBER | |
| International Standard Book Number | 0323003079 |
| 020 ## - INTERNATIONAL STANDARD BOOK NUMBER | |
| International Standard Book Number | 9780323003070 |
| 040 ## - CATALOGING SOURCE | |
| Transcribing agency | ALUPE UNIVERSITY |
| 050 ## - LIBRARY OF CONGRESS CALL NUMBER | |
| Classification number | RM301 |
| Item number | .S12 1999 |
| 090 ## - LOCALLY ASSIGNED LC-TYPE CALL NUMBER (OCLC); LOCAL CALL NUMBER (RLIN) | |
| Classification number (OCLC) (R) ; Classification number, CALL (RLIN) (NR) | RM138 .S59 |
| 100 ## - MAIN ENTRY--PERSONAL NAME | |
| Personal name | Skidmore-Roth, Linda |
| 245 00 - TITLE STATEMENT | |
| Title | Mosby's nursing drug reference. |
| 260 ## - PUBLICATION, DISTRIBUTION, ETC. | |
| Place of publication, distribution, etc. | St. Louis : |
| Name of publisher, distributor, etc. | Mosby, |
| Date of publication, distribution, etc. | c1988- |
| 300 ## - PHYSICAL DESCRIPTION | |
| Extent | v. ; |
| Dimensions | 21 cm + |
| Accompanying material | 1 CD-ROM (3 1/8 in.) + computer optical discs (3 in.) |
| 500 ## - GENERAL NOTE | |
| General note | Vols. for 1989- include date in title: Mosby's ... nursing drug reference. |
| 500 ## - GENERAL NOTE | |
| General note | Edited by: Linda Skidmore-Roth. |
| 500 ## - GENERAL NOTE | |
| General note | Published by: Mosby-Year Book, 1991- |
| 515 ## - NUMBERING PECULIARITIES NOTE | |
| Numbering peculiarities note | Vol. for 1988 lacks chronologic designation. |
| 650 #0 - SUBJECT ADDED ENTRY--TOPICAL TERM | |
| Topical term or geographic name entry element | Drugs |
| General subdivision | Administration |
| Form subdivision | Handbooks, manuals, etc. |
| 650 #0 - SUBJECT ADDED ENTRY--TOPICAL TERM | |
| Topical term or geographic name entry element | Nursing |
| Form subdivision | Handbooks, manuals, etc. |
| 700 1# - ADDED ENTRY--PERSONAL NAME | |
| Personal name | Skidmore-Roth, Linda. |
| 907 ## - LOCAL DATA ELEMENT G, LDG (RLIN) | |
| a | .b17280126 |
| 930 ## - EQUIVALENCE OR CROSS-REFERENCE-UNIFORM TITLE HEADING [LOCAL, CANADA] | |
| Language of a work | HEALTH SCIENCES-1ST FLOOR |
| Date of treaty signing | RM138 .S59 |
| Miscellaneous information | Not currently received |
| 942 ## - ADDED ENTRY ELEMENTS (KOHA) | |
| Source of classification or shelving scheme | |
| Koha item type | Book |
| Suppress in OPAC | JO |
| Withdrawn status | Lost status | Source of classification or shelving scheme | Damaged status | Not for loan | Permanent Location | Current Location | Shelving location | Date acquired | Source of acquisition | Total Checkouts | Full call number | Barcode | Date last seen | Price effective from | Koha item type | Public note |
|---|---|---|---|---|---|---|---|---|---|---|---|---|---|---|---|---|
| AU LIBRARY | AU LIBRARY | Open Shelf | 26.07.2021 | DONATION FROM MOI UNIVERSITY | RM301 .S12 1999 | 28003670 | 26.07.2021 | 26.07.2021 | Book | JO |